000 00463nam a22001697a 4500
005 20251108165414.0
008 250721s2001 xx 000 0 ara d
082 1 4 _a811.9565/عيس
100 1 _aالعيسى، مي
245 1 0 _aهمسات دافئة /
264 1 _aعمان :
_bالمؤسسة العربية الدولية،
_c2001.
300 _a134ص
650 1 7 _aالشعر العربي
650 1 7 _aالأدن
942 _2ddc
_cBK
999 _c27125
_d27125